| 000 | 01286cam a2200289 4500 | ||
|---|---|---|---|
| 001 | ##L130270 | ||
| 002 | ##8992 | ||
| 008 | 050711n2005 000 0 eng u | ||
| 035 | _a(Sirsi) u130270 | ||
| 041 | 0 | _aeng | |
| 110 | 2 |
_aBritish Property Federation _91604 |
|
| 240 | 0 | 0 | _aBPF form of agreement for collateral warranty |
| 245 | 0 | 0 | _aForm of agreement for collateral warranty for use where a warranty is to be given to a purchaser or tenant of premises in a commercial and/or industrial development. |
| 250 | _a3rd ed | ||
| 260 |
_aLondon _bBritish Property Federation _c2005 |
||
| 300 |
_aPad of 5 sets of 4-page forms _c 30cm. |
||
| 350 | _a20.00 | ||
| 490 | 0 | _aCoWa/P&T | |
| 520 | _aWarranty agreement prepared and approved for use by the BPF, Association of Consulting Engineers, Royal Incorporation of Architects in Scotland, Royal Institute of British Architects and the Royal Institution of Chartered Surveyors. | ||
| 651 | 4 |
_aUnited Kingdom _y |
|
| 690 | _aBUILT ENVIRONMENT-BUILDING CONTRACT FORMS | ||
| 710 | 2 |
_aAssociation of Consulting Engineers _91225 |
|
| 710 | 2 |
_aRoyal Incorporation of Architects In Scotland _92351 |
|
| 710 | 2 |
_aRoyal Institute of British Architects _92527 |
|
| 710 | 2 |
_aRoyal Institution of Chartered Surveyors _94900 |
|
| 942 | _n0 | ||
| 999 |
_c104419 _d104419 |
||